|
|
|
|
| LEADER |
00000cam a2200000 a 4500 |
| 001 |
vtls011870068 |
| 003 |
SK-MaSNL |
| 005 |
20260301143939.0 |
| 008 |
250313s1942 xo a f 000 0 hun |
| 015 |
|
|
|a SNBA1955
|
| 020 |
|
|
|q (brožované)
|
| 035 |
|
|
|a urn:nbn:sk:snk-am00dd9t
|
| 035 |
|
|
|a urn:nbn:sk:snk-am3hy9h
|
| 035 |
|
|
|a CEABBCAA-34FF-4EFD-AD1F-9691F4A6CFD1
|
| 040 |
|
|
|a SNK
|b slo
|c SNK
|e AACR2
|
| 041 |
0 |
|
|a hun
|
| 044 |
|
|
|a xo
|c SK
|
| 072 |
|
7 |
|a 32
|x Politika
|2 konspekt
|
| 080 |
|
|
|a 32
|2 2011
|
| 080 |
|
|
|a 341.324
|2 2011
|
| 080 |
|
|
|a 329.1/.6
|2 2011
|
| 080 |
|
|
|a (035)
|2 2011
|
| 100 |
1 |
|
|a Grusetzky, Ferenc
|4 aut
|9 498748
|
| 245 |
1 |
3 |
|a Az egyesült magyar párt iparos- és kereskedő szakosztályának müködése a cseh megszállás idején
|c írta: Grusetzky Ferenc
|
| 260 |
|
|
|a Kassa
|b Részvénytársaságnál
|c 1942
|
| 300 |
|
|
|a 31 strán
|b ilustrácie
|c 21 cm
|
| 500 |
|
|
|a Különlenyomat a felvidéki ujságból
|
| 650 |
0 |
7 |
|a politika
|2 SNKPH
|9 968
|
| 650 |
0 |
7 |
|a okupačná politika
|2 SNKPH
|9 4466
|
| 650 |
0 |
7 |
|a politické strany
|2 SNKPH
|9 3589
|
| 655 |
|
7 |
|a príručky
|2 SNKPH
|9 74364
|
| 852 |
|
|
|a Slovenská národná knižnica
|
| 958 |
|
|
|a RK
|
| 958 |
|
|
|a TL
|
| 958 |
|
|
|a HU
|
| 958 |
|
|
|a SP
|
| 958 |
|
|
|a OND
|
| 999 |
|
|
|c 775356
|d 777286
|
| 952 |
|
|
|a SNK
|b SNK
|y PREZ
|7 0
|p 17A0773931
|o snkSC 7227
|i snk176/56
|0 0
|1 0
|4 0
|d 2019-06-07
|f 1
|l 0
|r 2025-07-04 00:00:00
|w 2026-02-24
|